| 000 | 00495nam a22001817a 4500 | ||
|---|---|---|---|
| 999 |
_c190503 _d190503 |
||
| 005 | 20220727102647.0 | ||
| 010 | _aENG-134009 | ||
| 020 |
_a9789381623671 _c295.00 |
||
| 035 | _aEN-117541 | ||
| 037 | _bDBAD/PUB | ||
| 082 | _a882 | ||
| 100 | _aSeth, Rahul | ||
| 245 |
_aRunning on Empty/ _cRahul Seth |
||
| 260 |
_aHapur _bKie Publication _c2016 |
||
| 270 |
_aRevti Kunj _minfo@kiepublication.com _bHapur _e245101 |
||
| 300 |
_a87p. _c23cm(hb) |
||
| 942 |
_2ddc _cEN _h882 _mSET |
||